| 000 | 00630nam a2200229Ia 4500 | ||
|---|---|---|---|
| 003 | OSt | ||
| 005 | 20220924133237.0 | ||
| 006 | a|||||r|||| 00| 0 | ||
| 007 | ta | ||
| 008 | 220923b |||||||| |||| 00| 0 ben d | ||
| 024 | _a261722 | ||
| 037 | _cTextual | ||
| 040 |
_aARTS _cARTS _bben |
||
| 041 |
_2ben _aben |
||
| 082 | _aO157,1M88:g(S:55xO111), M7 | ||
| 100 |
_aSinha Anandamayi _9205966 |
||
| 245 | 0 | _aIngreji romanticism o mohitlaler kavya | |
| 260 | _c1987 | ||
| 650 | _aBENGALI LITERATURE | ||
| 942 |
_hO157,1M88:g(S:55xO111), M7 _cTEXL _2CC |
||
| 999 |
_c433121 _d433121 |
||